| 000 | 00589nam a2200205Ia 4500 | ||
|---|---|---|---|
| 003 | IN-BaIIA | ||
| 008 | 211028s9999 xx 000 0 eng d | ||
| 020 | _a0-19-564211-2 | ||
| 040 | _cIIA Library | ||
| 080 |
_a524.834 _bHAW |
||
| 100 |
_aHawking, Stephen _918689 |
||
| 245 | 4 |
_aThe nature of space and time _cStephen Hawking and Roger Penrose |
|
| 260 |
_aDelhi _bOxford University Press _c1997 |
||
| 300 | _aviii, 141p. | ||
| 650 | _aCosmology | ||
| 650 |
_aSpace _93725 |
||
| 650 |
_aTime _92741 |
||
| 700 | _aPenrose, Roger | ||
| 942 | _cBK | ||
| 999 |
_c12123 _d12123 |
||